Catalog

Record Details

Catalog Search



Timothy Shares His Faith  Cover Image Book Book

Timothy Shares His Faith / Irene J. Steele

Steele, Irene J. : (author).

Summary:

Timothy shares his faith and experiences bullying on his first days of kindergarten. He asks his father, "How can I show Jesus' Love to my friends?" His father responds, "...Son, the best way to show Jesus' love is by walking it out..."

Record details

  • ISBN: 9798218167271
  • Physical Description: 42 pages : illustrations, ; 21 cm.
  • Publisher: Madison Al AS/IS Press 2023
Subject: Bullied > Fiction
Faith
School
Friends
Sharing
Family
Christian
Alabama Author
Juvenile

Available copies

  • 1 of 1 copy available at scottsboropl.

Holds

  • 0 current holds with 1 total copy.
Show Only Available Copies
Location Call Number / Copy Notes Barcode Shelving Location Status Due Date
scottsboropl E Ste 32269001243438 Juvenile - Easy Available -

LDR 00620cam a2200205Ka 4500
001162321
003SBPL
00520231214180146.0
008070101s eng d
020 . ‡a9798218167271
08204. ‡a813
100 . ‡aSteele, Irene J. : ‡eauthor
245 . ‡aTimothy Shares His Faith / ‡cIrene J. Steele
246 . ‡aTimothy
260 . ‡aMadison Al ‡bAS/IS Press ‡c2023
300 . ‡a42 pages : ‡billustrations, ; ‡c21 cm.
336 . ‡atext ‡btxt ‡2rdacontent
337 . ‡aunmediated ‡bn ‡2rdamedia
338 . ‡avolume ‡bnc ‡2rdacarrier
4900 . ‡aTimothy : ‡vBk 2
520 . ‡aTimothy shares his faith and experiences bullying on his first days of kindergarten. He asks his father, "How can I show Jesus' Love to my friends?" His father responds, "...Son, the best way to show Jesus' love is by walking it out..."
650 . ‡aBullied ‡vFiction
650 . ‡aFaith
6500 . ‡aSchool
6500 . ‡aFriends
6500 . ‡aSharing
6500 . ‡aFamily
6500 . ‡aChristian
6500 . ‡aAlabama Author
6500 . ‡aJuvenile
8000 . ‡aTimothy : ‡vBk 2
901 . ‡a162321 ‡bAUTOGEN ‡c162321 ‡tbiblio

Additional Resources